000 00293nam a22001337a 4500
008 180302b xxu||||| |||| 00| 0 eng d
020 _a9780813326351
041 _aeng
080 _a316
100 _a50
101 _aSOC
245 _aWhat does your wife do?
_cBeeghley,L
942 _2udc
_cBK
999 _c44045
_d44045